Waka Flocka Flame Discography - Statistics

General Stats
  • This quiz has been taken 7 times
  • The average score is 13 of 28
Answer Stats
Year Name Type % Correct
2010 Flockaveli Album
100%
2009 LeBron Flocka James Mixtape
67%
2010 LeBron Flocka James 2 Mixtape
67%
2011 LeBron Flocka James 3 Mixtape (Collab)
67%
2016 LeBron Flocka James 4 Mixtape
67%
2009 Salute Me or Shoot Me Mixtape
67%
2009 Salute Me or Shoot Me 2 Mixtape
67%
2011 Salute Me or Shoot Me 3 (Hip Hops Outcast) Mixtape
67%
2012 Salute Me or Shoot Me 4 (Banned from America) Mixtape
67%
2012 Triple F Life: Friends, Fans & Family Album
67%
2011 Ferrari Boyz Album (Collab)
50%
2014 I Can't Rap Vol. 1 Mixtape
50%
2015 Salute Me or Shoot Me V Mixtape
50%
2009 Twin Towers Mixtape (Collab)
50%
2011 Twin Towers 2 (No Fly Zone) Mixtape (Collab)
50%
2011 DuFlocka Rant (10 Toes Down) Mixtape
33%
2013 DuFlocka Rant 2 Mixtape
33%
2018 Flockaveli 2 Album
33%
2013 From Roaches to Rollies Mixtape
33%
2011 Lock Out Mixtape (Collab)
33%
2014 Re-Up Mixtape
33%
2009 Salute Me or Shoot Me 2.5 Mixtape
33%
2009 Streets R Us Mixtape (Collab)
33%
2015 The Turn Up Godz Tour Mixtape
33%
2011 Benjami Flocka Mixtape
17%
2013 DuFlocka Rant: Halftime Show Mixtape
17%
2015 Flockaveli 1.5 Mixtape
17%
2010 True Blood Mixtape (Collab)
17%
No matching quizzes found
Score Distribution
Percent of People with Each Score
Percentile by Number Answered
Your Score History
You have not taken this quiz